[Event "Rubinstein Memorial op-D 57th"]
[Site "Polanica Zdroj"]
[Date "2021.08.15"]
[Round "2"]
[White "Basiaga, Sebastian"]
[Black "Kozielski, Pawel"]
[Result "1/2-1/2"]
[WhiteElo "1748"]
[BlackElo "1387"]
[PlyCount "91"]
[EventDate "2021.08.14"]
[EventType "swiss"]
[EventRounds "9"]
[EventCountry "POL"]
[SourceTitle "CBM 204 Extra"]
[Source "ChessBase"]
[SourceDate "2021.11.30"]
[SourceVersion "1"]
[SourceVersionDate "2021.11.30"]
[SourceQuality "1"]

1. e4 c6 2. d4 d5 3. exd5 cxd5 4. Bd3 Nc6 5. c3 Nf6 6. Bf4 Bg4 7. Qb3 Qc8 8. Nd2 e6 9. Ngf3 Be7 10. 0-0 0-0 11. h3 Bh5 12. a4 b6 13. Bh2 Bg6 14. Be2 h6 15. Bb5 Nd7 16. Rfe1 a6 17. Bf1 Re8 18. Rac1 Qb7 19. c4 Na5 20. Qe3 dxc4 21. Nxc4 Nxc4 22. Bxc4 Nf6 23. Ne5 Be4 24. f3 Bd5 25. Bd3 Rac8 26. Qe2 Ra8 27. Bf4 Bb3 28. Ra1 Red8 29. Be3 Nd5 30. Be4 b5 31. axb5 axb5 32. Qd3 Bc4 33. Nxc4 bxc4 34. Qe2 Rdc8 35. Rxa8 Qxa8 36. Rc1 Qc6 37. Bd2 Bf6 38. Bc3 Qd6 39. Rd1 Bd8 40. Bxd5 Qxd5 41. Qe4 Qd6 42. Re1 Bc7 43. Qe5 Qc6 44. Qe4 Qd6 45. Qe5 Qc6 46. Qe4 1/2-1/2